Tratado sobre el Orden, el Matrimonio y la Extrema Unción de San Carlos Borromeo
Tallennettuna:
| Päätekijä: | |
|---|---|
| Aineistotyyppi: | Kirja |
| Kieli: | espanja |
| Julkaistu: |
Lima
Universidad Católica Sedes Sapientiae
2010
|
| Aiheet: | |
| Tagit: |
Lisää tagi
Ei tageja, Lisää ensimmäinen tagi!
|
MARC
| LEADER | 00000nam a2200000 a 4500 | ||
|---|---|---|---|
| 001 | UCG6033 | ||
| 003 | CL-VaPUC | ||
| 008 | 110331e20100000PE |||||||||||||||||spa|d | ||
| 020 | |a 9786124030116 | ||
| 082 | 0 | 4 | |a 262.933 |b GRI |2 21 |
| 100 | 0 | |a Grignani, Mario Luigi |e author |9 556048 | |
| 245 | 1 | 0 | |a Tratado sobre el Orden, el Matrimonio y la Extrema Unción de San Carlos Borromeo |
| 300 | |a 175 p | ||
| 942 | |c BK | ||
| 945 | |d 20110331 00:00:00 |a jcampos | ||
| 260 | |a Lima |b Universidad Católica Sedes Sapientiae |c 2010 | ||
| 600 | 0 | 7 | |a SAN CARLOS BARROMEO |2 CL-VaPUC |9 556049 |
| 650 | 7 | |a DERECHO CANONICO |2 CL-VaPUC |9 556050 | |
| 650 | 7 | |a SACRAMENTO DEL ORDEN |2 CL-VaPUC |9 556051 | |
| 650 | 7 | |a SACRAMENTO DEL MATRIMONIO |2 CL-VaPUC |9 556052 | |
| 650 | 7 | |a SACRAMENTO DE LA EXTREMA UNCION |2 CL-VaPUC |9 556053 | |
| 583 | |a last modification |c 20110331 00:00:00 |k Rodrigo Vera | ||
| 999 | |c 344355 |d 344353 | ||
| 952 | |0 0 |1 0 |4 0 |6 262_933000000000000_GRI_2010 |7 0 |8 A |9 442279 |a BIBDER |b BIBDER |d 2019-11-22 |i 476062K |o 262.933 GRI 2010 |p 476062K |r 2023-01-25 |w 2019-11-22 |y BK |k DER | ||
| 952 | |0 0 |1 0 |4 0 |6 262_933000000000000_GRI_2010 |7 0 |8 A |9 442280 |a BIBTEO |b BIBTEO |d 2019-11-22 |i 4777883 |o 262.933 GRI 2010 |p 4777883 |r 2025-01-17 |w 2019-11-22 |y BK |k ICR | ||